Juan y sus zapatos
Đã lưu trong:
| Tác giả chính: | |
|---|---|
| Định dạng: | Sách |
| Ngôn ngữ: | Tiếng Tây Ban Nha |
| Được phát hành: |
Ciudad de México
Fondo de Cultura Económica
2003
|
| Phiên bản: | 1a. ed |
| Loạt: | A la Orilla del Viento
|
| Những chủ đề: | |
| Các nhãn: |
Thêm thẻ
Không có thẻ, Là người đầu tiên thẻ bản ghi này!
|
MARC
| LEADER | 00000nam a2200000 a 4500 | ||
|---|---|---|---|
| 001 | UCG4913 | ||
| 003 | CL-VaPUC | ||
| 005 | 20250408092228.0 | ||
| 008 | 101216e20030000MX |||||||||||||||||spa|d | ||
| 999 | |c 343513 |d 343511 | ||
| 020 | |a 9681670213 | ||
| 040 | |c Pontificia Universidad Católica de Valparaíso | ||
| 082 | 0 | 4 | |a 808.0683 |b PEL |2 21 |
| 100 | 0 | |a Pellicer López, Carlos |e author |9 554409 | |
| 245 | 1 | 0 | |a Juan y sus zapatos |
| 250 | |a 1a. ed | ||
| 260 | |a Ciudad de México |b Fondo de Cultura Económica |c 2003 | ||
| 300 | |a 20 p | ||
| 490 | 0 | |a A la Orilla del Viento | |
| 583 | |a last modification |c 20101216 00:00:00 |k Rodrigo Vera | ||
| 650 | 0 | |a Literatura infantil mexicana |9 307465 |x Cuentos | |
| 942 | |c BK |2 ddc | ||
| 945 | |d 20101216 00:00:00 |a cmena | ||
| 952 | |0 0 |1 0 |4 0 |6 808_068300000000000_PEL_2003 |7 0 |8 A |9 440853 |a BIBEDU |b BIBEDU |d 2019-11-22 |i 4743571 |l 2 |o 808.0683 PEL 2003 |p 4743571 |r 2023-07-24 |s 2023-07-24 |w 2019-11-22 |y BK |k EPE | ||